El derecho privado de los pueblos / (Registro nro. 8419)

Detalles MARC
000 -LEADER
fixed length control field 00853nam a2200241Ia 4500
003 - CONTROL NUMBER IDENTIFIER
control field OSt
005 - DATE AND TIME OF LATEST TRANSACTION
control field 20210830132316.0
008 - FIXED-LENGTH DATA ELEMENTS--GENERAL INFORMATION
fixed length control field 210310s1957 sp fr 001 0 spa d
040 ## - CATALOGING SOURCE
Original cataloging agency CO-JMCR
Transcribing agency CO-JMCR
041 0# - LANGUAGE CODE
Language code of text/sound track or separate title spa
082 04 - DEWEY DECIMAL CLASSIFICATION NUMBER
Classification number 340.09/
Item number D328d
Edition number 23
100 1# - MAIN ENTRY--PERSONAL NAME
Personal name Dekker, René,
9 (RLIN) 17214
Relator term autor
245 13 - TITLE STATEMENT
Title El derecho privado de los pueblos /
Statement of responsibility, etc. René Dekker ; traducción de Francisco Javier Osset
260 ## - PUBLICATION, DISTRIBUTION, ETC.
Place of publication, distribution, etc. Madrid :
Name of publisher, distributor, etc. Editorial Revista de Derecho Privado,
Date of publication, distribution, etc. 1957
300 ## - PHYSICAL DESCRIPTION
Extent xv, 625 páginas ;
Dimensions 22 cm.
490 0# - SERIES STATEMENT
Series statement Serie B: Monografías fundamentales de derecho privado público ;
Volume/sequential designation 25
500 ## - GENERAL NOTE
General note Incluye índice alfabético y notas a pie de página.
505 0# - FORMATTED CONTENTS NOTE
Formatted contents note Variaciones -- Dominantes
650 14 - SUBJECT ADDED ENTRY--TOPICAL TERM
Topical term or geographic name entry element Ley
9 (RLIN) 17216
650 24 - SUBJECT ADDED ENTRY--TOPICAL TERM
Topical term or geographic name entry element Ley Civil
9 (RLIN) 12475
700 1# - ADDED ENTRY--PERSONAL NAME
Personal name Osset, Francisco Javier,
Relator term traductor
9 (RLIN) 4854
942 ## - ADDED ENTRY ELEMENTS (KOHA)
Source of classification or shelving scheme Dewey Decimal Classification
Koha item type Books
Existencias
Withdrawn status Lost status Source of classification or shelving scheme Damaged status Not for loan Collection code Home library Current library Date acquired Source of acquisition Full call number Barcode Date last seen Copy number Koha item type
    Dewey Decimal Classification     Non-fiction Biblioteca Pública José María del Castillo y Rada Biblioteca Pública José María del Castillo y Rada 04/15/2018 Donación 340.09/ D328d 430006403 05/16/2024 Ej.1 Books